عرض عادي
عرض مارك
- Felke-Morris, Terry.
مدخل إسم شخص
001 - رقم الضبط
- حقل الضبط: 36590
003 - معرف رقم الضبط
- حقل الضبط: OSt
005 - تاريخ ووقت أخر عملية
- حقل الضبط: 20130816053553.0
008 - عناصر بيانات ثابتة الطول
- حقل تحكم ثابت الطول: 130816|||a|||||| | ||| d
040 ## - مصدر الفهرسة
- هيئة الفهرسة الأصلية: OSt
- وكالة الكتابة: OSt
100 ## - مدخل -- أسم شخص
- إسم شخص: Felke-Morris, Terry.
670 ## - بيانات المصدر موجوده
- الاستشهاد بالمصدر: Work cat.: (OSt)30463: Felke-Morris, Terry., Web development and design foundations with HTML5 /, c2013.
